000 00272nam a2200109Ia 4500
001 1276055
005 20260417160440.0
008 260417s9999 xx 000 0 und d
020 _a9786255695079
245 0 _aMinik Adında Bir Dev
_cMike Atkins
260 _bKetebe Çocuk
999 _c1276055
_d1276055